00269nam a2200085Ia 450000100070000000500170000700800410002424500930006526000250015870535720250826162428.0250824s9999 xx 000 0 und d 0aGENETİĞİYLE OYNANMIŞ KAVRAMLAR VE AİLE MEDENİYETİNİN SONUcSAFFET KÖSE bKÜLTÜR YAYINLARI